[Event "AUTO-ADV-2260"]
[Site "http://www.queenalice.com/game.php?id=977871"]
[Date "2011.8.28"]
[Round "1"]
[White "torab"]
[Black "luiz_antonio"]
[Result "1-0"]
[WhiteElo "1740"]
[BlackElo "1932"]

1. e4 e5 2. a3 Nf6 3. Nc3 a6 4. d4 exd4 5. Nd5 c5 6. Bf4 Nxd5 7. exd5 d6 8. Bd3
b5 9. h3 f5 10. Nf3 Bb7 11. Qe2+ Be7 12. O-O O-O 13. Rfe1 Bf6 14. Bxf5 Bxd5 15.
Rad1 g6 16. Be6+ Bxe6 17. Qxe6+ Kh8 18. Bxd6 Rg8 19. Bxc5 Qd7 20. Qxf6+ Rg7 21.
Re7 Qxe7 22. Bxe7 Nd7 23. Qe6 Re8 24. Qxd7 Rexe7 25. Qc8+ Rg8 26. Qxa6 Rd8 27.
Qf6+ Kg8 28. Qxe7 1-0

[Event "AUTO-ADV-2286"]
[Site "http://www.queenalice.com/game.php?id=987926"]
[Date "2011.9.21"]
[Round "1"]
[White "chapichapo"]
[Black "torab"]
[Result "1-0"]
[WhiteElo "1687"]
[BlackElo "1768"]

1. e4 e5 2. Nf3 d6 3. Bc4 h6 4. d3 a6 5. Nc3 Nf6 6. Be3 c6 7. g3 a5 8. Nh4 b5 9.
Bxf7+ Kxf7 10. Qf3 d5 11. exd5 b4 12. Ne4 Bg4 13. Qg2 cxd5 14. Nxf6 Qxf6 15.
Qxd5+ Ke8 16. Qxa8 Bd6 17. Qxa5 g5 18. Ng2 Qf3 19. Qb5+ Ke7 20. d4 Qxg2 21. Kd2
Qe4 22. h4 exd4 23. Rhe1 Be5 24. Bxg5+ hxg5 25. Rxe4 Nd7 26. Rxe5+ Nxe5 27. Re1
Rf8 28. Rxe5+ 1-0

[Event "AUTO-ADV-2286"]
[Site "http://www.queenalice.com/game.php?id=987927"]
[Date "2011.9.21"]
[Round "1"]
[White "torab"]
[Black "chapichapo"]
[Result "1-0"]
[WhiteElo "1754"]
[BlackElo "1701"]

1. e4 e5 2. a3 Bc5 3. Nf3 d6 4. h3 Nf6 5. Nc3 Nc6 6. Bb5 O-O 7. Bxc6 bxc6 8. d3
Rb8 9. O-O Ba6 10. Bg5 Rxb2 11. d4 Bxf1 12. Kxf1 h6 13. Bxf6 Qxf6 14. dxc5 dxc5
15. Rb1 Rxb1 16. Nxb1 g5 17. g4 Rd8 18. Qe2 Qd6 19. Nc3 c4 20. Qxc4 Qxa3 21.
Nxe5 Qc1+ 22. Kg2 Rf8 23. Nxc6 Qxc2 24. Ne7+ Kh7 25. Qc5 Re8 26. Qf5+ Kh8 27.
Ncd5 1-0

[Event "AUTO-ADV-2286"]
[Site "http://www.queenalice.com/game.php?id=987940"]
[Date "2011.9.21"]
[Round "1"]
[White "reynel"]
[Black "torab"]
[Result "0-1"]
[WhiteElo "1911"]
[BlackElo "1749"]

1. d4 d5 2. c4 dxc4 3. Nf3 h6 4. Qa4+ c6 5. Qxc4 b5 6. Qd3 Nf6 7. e4 Na6 8. a3
Rb8 9. b4 g5 10. h3 Rg8 11. e5 Nd5 12. Nc3 g4 13. hxg4 Bxg4 14. Bxh6 Bxh6 15.
Rxh6 e6 16. Nxd5 Qxd5 17. Be2 Bf5 18. Qc3 Kd7 19. g3 Bg4 20. Rh7 Ke7 21. a4 Rbc8
22. Qe3 Nxb4 23. Qa3 c5 24. Rc1 Bf5 25. Rh4 Bg4 26. axb5 f6 27. Rxc5 Rxc5 28.
dxc5 Nc2+ 0-1

[Event "QA-ANNIV-07"]
[Site "http://www.queenalice.com/game.php?id=992212"]
[Date "2011.10.1"]
[Round "2"]
[White "secretguy"]
[Black "torab"]
[Result "1-0"]
[WhiteElo "2378"]
[BlackElo "1771"]

1. e4 e5 2. Nf3 d6 3. d4 exd4 4. Nxd4 a6 5. Nc3 c5 6. Nf3 h6 7. a4 Nf6 8. Bd3
Nc6 9. O-O Bg4 10. h3 Bh5 11. g4 Bg6 12. Nh4 Nd4 13. Nxg6 fxg6 14. e5 dxe5 15.
Bxg6+ Ke7 16. f4 exf4 17. Bxf4 b5 18. Re1+ Kd7 19. axb5 axb5 20. Rxa8 Qxa8 21.
Nxb5 Kc8 22. Nxd4 cxd4 23. Qxd4 Qc6 24. b4 h5 25. g5 Nd5 26. Bf5+ Kb7 27. Be4
Bxb4 28. Bxd5 1-0

[Event "AUTO-OPEN-2308"]
[Site "http://www.queenalice.com/game.php?id=1003806"]
[Date "2011.11.1"]
[Round "3"]
[White "ppeteleco"]
[Black "torab"]
[Result "1-0"]
[WhiteElo "2536"]
[BlackElo "1767"]

1. e4 e5 2. Nf3 Nc6 3. Bb5 a6 4. Ba4 b5 5. Bb3 h6 6. d4 exd4 7. Nxd4 Bb7 8. Nxc6
Bxc6 9. O-O Qf6 10. Nc3 Bb4 11. Nd5 Bxd5 12. Qxd5 c6 13. Qd3 Ne7 14. a4 O-O 15.
axb5 cxb5 16. Be3 d6 17. Bd4 Qg6 18. Rfd1 Nc6 19. Bd5 Rac8 20. Bb6 Bc5 21. Bxc5
dxc5 22. Rxa6 Rfd8 23. f3 Qg5 24. Rxc6 Kh8 25. Rxc8 Rxc8 26. Qxb5 f5 27. Be6 Rd8
28. Rxd8+ Qxd8 29. Bxf5 g5 30. g3 Qd1+ 31. Kg2 Qxc2+ 32. Kh3 Kg7 33. Qd7+ Kf6
34. Qe6+ Kg7 35. Qe7+ Kg8 36. Be6+ Kh8 37. Qf6+ Kh7 38. Qf5+ Kg7 39. Qf7+ 1-0

[Event "AUTO-OPEN-2308"]
[Site "http://www.queenalice.com/game.php?id=1003807"]
[Date "2011.11.1"]
[Round "3"]
[White "torab"]
[Black "ppeteleco"]
[Result "0-1"]
[WhiteElo "1769"]
[BlackElo "2533"]

1. e4 e5 2. a3 Nf6 3. Nc3 Bc5 4. h3 d5 5. exd5 Nxd5 6. Nf3 Nxc3 7. bxc3 Nc6 8.
Bc4 e4 9. Nh2 Ne5 10. Bb3 Qg5 11. g3 Qf6 12. O-O Bxh3 13. d4 exd3 14. cxd3 Bxf1
15. Qxf1 Nxd3 16. Qe2+ Kf8 17. Be3 Qxc3 18. Bxc5+ Nxc5 19. Rb1 Nxb3 20. Qd1 Nc5
21. a4 Re8 22. Rc1 Qb4 23. Qd5 Ne4 24. Rxc7 Qe1+ 25. Kg2 Qxf2+ 0-1

[Event "Let's Play Chess!"]
[Site "http://www.queenalice.com/game.php?id=1262566"]
[Date "2014.3.6"]
[Round "-"]
[White "torab"]
[Black "spawnwolfwolverine"]
[Result "1-0"]
[WhiteElo "1720"]
[BlackElo "1697"]

1. e4 e5 2. a3 d6 3. h3 b6 4. Bc4 Bb7 5. Qf3 Qf6 6. Nc3 Qxf3 7. Nxf3 g6 8. Ng5
Nh6 9. d3 f6 10. Ne6 Nd7 11. Nxc7+ Ke7 12. Nxa8 Bxa8 13. Be3 Bg7 14. O-O-O a6
15. Bxa6 f5 16. Bb5 f4 17. Bd2 Nc5 18. b4 Ne6 19. f3 Nd4 20. Bc4 Bc6 21. b5 Bd7
22. Nd5+ Kd8 23. Nxb6 Bxb5 24. Bxb5 Nxb5 25. Bb4 Bf6 26. h4 Ke7 27. h5 g5 28.
Nd5+ Ke6 29. a4 Nd4 30. Nxf6 Kxf6 31. Kd2 Rd8 32. a5 Nc6 33. c3 Nxb4 34. cxb4
Rb8 35. Rb1 Ke6 36. b5 d5 37. exd5+ Kxd5 38. Rhc1 Nf7 39. a6 Nd6 40. b6 h6 41.
Rc7 Rxb6 42. Rxb6 g4 43. fxg4 e4 44. dxe4+ Nxe4+ 45. Kd3 Nc5+ 46. Ke2 Ne6 47.
Rc8 Nd4+ 48. Kd3 Ne6 49. a7 f3 50. a8=Q+ Ke5 51. Qe4+ Kf6 52. Rxe6+ Kg7 53. Qb7#
1-0

[Event "AUTO-OPEN-3205"]
[Site "http://www.queenalice.com/game.php?id=1262611"]
[Date "2014.3.6"]
[Round "1"]
[White "gerfferson"]
[Black "torab"]
[Result "1-0"]
[WhiteElo "1545"]
[BlackElo "1765"]

1. d4 h6 2. e4 a6 3. Nf3 d5 4. exd5 Qxd5 5. Nc3 Qa5 6. Bc4 Nc6 7. O-O Nf6 8. Bf4
Be6 9. Bxe6 fxe6 10. Re1 O-O-O 11. Rxe6 Qf5 12. Rxc6 bxc6 13. Be3 c5 14. Qe2 Rd6
15. dxc5 Re6 16. Nd4 Qe5 17. Nxe6 Qxe6 18. Qf3 h5 19. Qa8+ Kd7 20. Rd1+ Nd5 21.
Rxd5+ 1-0

[Event "AUTO-OPEN-3205"]
[Site "http://www.queenalice.com/game.php?id=1262612"]
[Date "2014.3.6"]
[Round "1"]
[White "torab"]
[Black "gerfferson"]
[Result "0-1"]
[WhiteElo "1740"]
[BlackElo "1698"]

1. e4 e6 2. Nf3 d5 3. exd5 exd5 4. Bb5+ c6 5. Ba4 Qe7+ 6. Qe2 Qxe2+ 7. Kxe2 Bg4
8. h3 Bxf3+ 9. Kxf3 Nf6 10. d4 Bd6 11. Bf4 Bxf4 12. Kxf4 O-O 13. Nc3 Nbd7 14. g4
Rae8 15. g5 Ne4 16. f3 Nxc3 17. bxc3 Re2 18. Rhc1 f6 19. gxf6 Rxf6+ 20. Kg3 Rg6+
21. Kf4 Rgg2 22. Rf1 Nb6 23. Bb3 a5 24. a4 Nc4 25. Bxc4 dxc4 26. Rae1 Kf7 27.
Rxe2 Rxe2 28. Kf5 g6+ 29. Kg5 Rxc2 30. f4 Rxc3 31. f5 gxf5 32. Rxf5+ Ke6 33.
Rxa5 Rxh3 34. Kg4 Rd3 35. Ra7 c3 36. Ra5 b6 37. Re5+ Kd6 38. Re1 b5 39. axb5
cxb5 0-1

[Event "AUTO-OPEN-3205"]
[Site "http://www.queenalice.com/game.php?id=1262631"]
[Date "2014.3.6"]
[Round "1"]
[White "filatelista"]
[Black "torab"]
[Result "1-0"]
[WhiteElo "1831"]
[BlackElo "1706"]

1. d4 d5 2. c4 e6 3. cxd5 Qxd5 4. Nc3 Qa5 5. Bd2 Bb4 6. Nf3 Nf6 7. a3 Bxc3 8.
Bxc3 Qd5 9. e3 a6 10. Bd3 Nc6 11. O-O O-O 12. Rc1 e5 13. Nxe5 Be6 14. Qc2 g6 15.
e4 Qd8 16. d5 Nxe5 17. Bxe5 Bg4 18. Qxc7 Nh5 19. Qxb7 f6 20. Bc7 Qd7 21. f3 Be6
22. Qb6 Bf7 23. Bxa6 f5 24. Bb7 Nf4 25. Bxf4 fxe4 26. Bxa8 Rxa8 27. fxe4 Qa7 28.
Qxa7 Rxa7 29. d6 1-0

[Event "AUTO-OPEN-3205"]
[Site "http://www.queenalice.com/game.php?id=1262632"]
[Date "2014.3.6"]
[Round "1"]
[White "torab"]
[Black "filatelista"]
[Result "0-1"]
[WhiteElo "1740"]
[BlackElo "1818"]

1. e4 e5 2. a3 Nf6 3. Nc3 c5 4. Nf3 d6 5. h3 Be7 6. Bc4 h6 7. d3 O-O 8. Nd5 Nbd7
9. b4 b6 10. Be3 Bb7 11. Nxf6+ Nxf6 12. c3 d5 13. exd5 Nxd5 14. Bxd5 Bxd5 15. c4
Bxf3 16. Qxf3 Qxd3 17. bxc5 Qc3+ 18. Ke2 Qxc4+ 19. Ke1 Qc3+ 20. Ke2 Qb2+ 21. Bd2
Rfd8 22. Rhd1 Bg5 23. Ke1 e4 24. Qg4 Rxd2 25. Qxe4 Rad8 0-1

[Event "AUTO-OPEN-3205"]
[Site "http://www.queenalice.com/game.php?id=1262641"]
[Date "2014.3.6"]
[Round "1"]
[White "C5"]
[Black "torab"]
[Result "1-0"]
[WhiteElo "1830"]
[BlackElo "1740"]

1. e4 e5 2. Nf3 d6 3. Bc4 a6 4. a4 Nf6 5. d3 h6 6. c3 c6 7. Qb3 d5 8. exd5 cxd5
9. Bb5+ axb5 10. Qxb5+ Nc6 11. O-O Ra5 12. Qb3 b5 13. Bd2 d4 14. cxd4 Rxa4 15.
Rxa4 bxa4 16. Qxa4 Bd7 17. Qc4 Bd6 18. Re1 O-O 19. dxe5 Nxe5 20. Nxe5 Be6 21.
Qb5 Ng4 22. Nxg4 Bxg4 23. Qc4 Qb8 24. h3 Be6 25. Qc1 Qb5 26. Nc3 Qxd3 27. Re3
Qg6 28. Ne2 Bd5 29. Ng3 f5 30. Rd3 Be4 31. Nxe4 fxe4 32. Qc4+ Kh7 33. Rd4 Qf5
34. Be3 Rc8 35. Qd5 Qxd5 36. Rxd5 Bb8 37. Kf1 Rc2 38. Rb5 Bd6 39. Bd4 g5 40. b4
Rd2 41. Bc5 Bxc5 42. bxc5 Rd5 43. Rb7+ Kg6 44. c6 Rc5 45. Rc7 h5 46. Rc8 Kf5 47.
c7 Kf6 48. Rf8+ Ke7 49. c8=Q Rxc8 50. Rxc8 1-0

[Event "AUTO-OPEN-3205"]
[Site "http://www.queenalice.com/game.php?id=1262642"]
[Date "2014.3.6"]
[Round "1"]
[White "torab"]
[Black "C5"]
[Result "1-0"]
[WhiteElo "1734"]
[BlackElo "1851"]

1. e4 e5 2. a3 Nf6 3. Nc3 c6 4. Bc4 b5 5. Ba2 Bc5 6. h3 d6 7. Nf3 h6 8. d4 exd4
9. Nxd4 Bxd4 10. Qxd4 Nbd7 11. Qxd6 Bb7 12. Bf4 Qe7 13. Qxe7+ Kxe7 14. O-O-O a5
15. e5 Nh5 16. Bg3 Nxg3 17. fxg3 b4 18. Na4 Rad8 19. e6 fxe6 20. Rhe1 e5 21. c3
Rhf8 22. Re2 Ba6 23. Re3 Bb5 24. Bb3 Rf2 25. cxb4 Bxa4 26. Bxa4 axb4 27. axb4
Ra8 28. Ra3 Ra6 29. b5 cxb5 30. Bxb5 Rxa3 31. Rxd7+ Ke6 32. bxa3 Rxg2 33. g4 g5
34. a4 e4 35. Rd2 Rg3 36. a5 Ra3 37. a6 e3 38. Re2 Ke5 39. Kb2 Ra5 40. Rxe3+ Kf4
41. Rb3 Ke5 42. Be2 Kd6 43. Kc3 Kc7 44. Rb7+ Kc8 45. Kb4 Ra2 46. Bc4 Rb2+ 47.
Bb3 Rd2 48. Be6+ Kd8 49. Rd7+ Rxd7 50. Bxd7 1-0

[Event "AUTO-ADV-3095"]
[Site "http://www.queenalice.com/game.php?id=1262896"]
[Date "2014.3.6"]
[Round "1"]
[White "SMB51"]
[Black "torab"]
[Result "0-1"]
[WhiteElo "1848"]
[BlackElo "1722"]

1. e4 e5 2. Nf3 d6 3. Bc4 a6 4. Nc3 h6 5. d3 Nc6 6. h3 Nf6 7. Be3 d5 8. exd5 Ne7
9. Nxe5 Nexd5 10. Nxd5 Nxd5 11. Qh5 Be6 12. O-O g6 13. Nxg6 fxg6 14. Qxg6+ Bf7
15. Qf5 c6 16. Rae1 Qc8 17. Bb6+ Be7 18. Qe5 O-O 19. Bd4 Bf6 20. Qg3+ Kh7 21.
Re7 Nxe7 22. Bxf6 Rg8 23. Qf3 Qf8 24. d4 Bxc4 25. Qe4+ Ng6 26. Re1 Qxf6 27. Qe3
Rae8 28. Qd2 Rxe1+ 29. Qxe1 Qxd4 30. Qb4 Qd1+ 31. Kh2 Qxc2 32. Qxb7+ Rg7 33.
Qxc6 Bd3 0-1

[Event "AUTO-ADV-3095"]
[Site "http://www.queenalice.com/game.php?id=1262897"]
[Date "2014.3.6"]
[Round "1"]
[White "torab"]
[Black "SMB51"]
[Result "0-1"]
[WhiteElo "1755"]
[BlackElo "1791"]

1. e4 e5 2. a3 Nf6 3. Nc3 d6 4. h3 Be7 5. d4 exd4 6. Qxd4 Bd7 7. Nf3 h6 8. e5
Nc6 9. Qe3 dxe5 10. Nxe5 O-O 11. Bb5 Re8 12. Bxc6 bxc6 13. O-O Bd6 14. Qd4 Bxe5
15. Qc5 Bd6 16. Qc4 Re6 17. Bf4 Nh5 18. Bxd6 cxd6 19. Rad1 d5 20. Nxd5 cxd5 21.
Rxd5 Rc8 22. Qd3 Rc7 23. Rxh5 Qf6 24. c3 a6 25. Rd5 Bb5 26. Rd8+ Re8 27. Rxe8+
Bxe8 28. b4 Bb5 29. c4 Bxc4 30. Qg3 Bxf1 31. Qxc7 Qa1 32. Qc8+ Kh7 33. Kh2 Qxa3
34. Qf8 Qxb4 35. Qxf7 a5 36. Qh5 Bd3 37. f3 a4 38. Qd5 Bg6 39. Qa2 Bb1 40. Qa1
a3 0-1

[Event "AUTO-ADV-3095"]
[Site "http://www.queenalice.com/game.php?id=1262912"]
[Date "2014.3.6"]
[Round "1"]
[White "torab"]
[Black "ReiBranco"]
[Result "1-0"]
[WhiteElo "1735"]
[BlackElo "1819"]

1. e4 c5 2. d4 cxd4 3. Qxd4 Nc6 4. Qc3 e6 5. a3 Nf6 6. e5 Nd5 7. Qg3 Qb6 8. Nf3
g6 9. Bc4 Nde7 10. O-O Bg7 11. Be3 Qxb2 12. Nbd2 Nxe5 13. Bd4 Qxc2 14. Bxe5 O-O
15. Bxg7 Kxg7 16. Rfc1 Qf5 17. h3 d5 18. Bb3 Nc6 19. h4 h5 20. Ba4 Bd7 21. Bxc6
Bxc6 22. Nd4 Qf6 23. Nxc6 bxc6 24. Rab1 Rfc8 25. Nf3 c5 26. Ne5 c4 27. Rb7 Rf8
28. Nd7 Qd4 29. Nxf8 Rxf8 30. Rc3 Qd1+ 31. Kh2 Qa4 32. Rf3 Qa6 33. Qc7 Qa4 34.
Rxf7+ Rxf7 35. Qxf7+ 1-0

[Event "AUTO-ADV-3095"]
[Site "http://www.queenalice.com/game.php?id=1262913"]
[Date "2014.3.6"]
[Round "1"]
[White "ReiBranco"]
[Black "torab"]
[Result "1-0"]
[WhiteElo "1800"]
[BlackElo "1754"]

1. Nf3 d6 2. g3 e5 3. d3 h6 4. Bg2 Nf6 5. O-O Nc6 6. e4 d5 7. Nbd2 Bg4 8. Re1
Bc5 9. c3 a6 10. exd5 Nxd5 11. Qb3 b5 12. Nxe5 Nxe5 13. Rxe5+ Ne7 14. Rxc5 Rb8
15. Ne4 O-O 16. Bf4 Rc8 17. d4 c6 18. Nd6 Ra8 19. h3 Be6 20. Qd1 g5 21. Bd2 Qxd6
22. Qh5 Kh7 23. Bxg5 Bf5 24. Bxe7 Qxe7 25. Rxf5 f6 26. Bxc6 Rg8 27. Bxa8 Rxa8
28. Qf3 Rf8 29. Rh5 Qg7 30. Re1 Qg6 31. Qf5 Qxf5 32. Rxf5 Kg6 33. Rd5 f5 34.
Re6+ Rf6 35. Rxf6+ Kxf6 36. Rd6+ 1-0

[Event "AUTO-ADV-3095"]
[Site "http://www.queenalice.com/game.php?id=1262914"]
[Date "2014.3.6"]
[Round "1"]
[White "torab"]
[Black "luismabibbo"]
[Result "0-1"]
[WhiteElo "1743"]
[BlackElo "1916"]

1. e4 e5 2. a3 Nf6 3. Nc3 Bc5 4. h3 d6 5. Nf3 Be6 6. d4 exd4 7. Nxd4 Bd7 8. Bf4
Nc6 9. Nxc6 Bxc6 10. Bc4 Nxe4 11. Nxe4 Bxe4 12. Qe2 Qe7 13. O-O-O Bg6 14. Qxe7+
Kxe7 15. f3 a6 16. h4 Kd7 17. h5 Bf5 18. g4 Be6 19. Bxe6+ fxe6 20. g5 Raf8 21.
Rh4 e5 22. Bh2 Be3+ 23. Kb1 Bxg5 24. Rg4 h6 25. c4 Kc8 26. Kc2 b6 27. Rf1 Rf5
28. f4 Bf6 29. b4 Rxh5 30. Bg3 Rf5 31. Rf2 Kb7 32. fxe5 Rxf2+ 33. Bxf2 Bxe5 34.
a4 h5 35. Rg6 h4 36. Kd3 h3 37. Bg3 h2 38. Bxh2 Rxh2 39. Ke4 Ra2 40. c5 Rxa4 41.
cxd6 Bxd6 42. Rxg7 Rxb4+ 43. Kd5 a5 0-1

[Event "AUTO-ADV-3095"]
[Site "http://www.queenalice.com/game.php?id=1262915"]
[Date "2014.3.6"]
[Round "1"]
[White "luismabibbo"]
[Black "torab"]
[Result "1-0"]
[WhiteElo "1923"]
[BlackElo "1728"]

1. e4 a6 2. Bc4 e5 3. Nf3 Nc6 4. d3 h6 5. Be3 Nf6 6. a3 d5 7. exd5 Nxd5 8. Bd2
Bc5 9. Nc3 Nxc3 10. Bxc3 f6 11. Qe2 Bg4 12. h3 Bxf3 13. Qxf3 Qe7 14. Qh5+ Kf8
15. b4 Ba7 16. b5 axb5 17. Bxb5 e4 18. Qe2 exd3 19. Qxe7+ Kxe7 20. Bxd3 Ne5 21.
Be4 c6 22. O-O g6 23. Kh1 f5 24. Bd3 Kd6 25. Be2 Rhe8 26. Rad1+ Kc7 27. f4 Nd7
28. Bc4 Bc5 29. Bf7 Re2 30. Bxg6 Rxa3 31. Ba1 Nb6 32. Be5+ Rxe5 33. fxe5 Nd5 34.
Rxf5 Kb6 35. Rb1+ Ka6 36. Rf3 Rxf3 37. gxf3 Nf4 38. Bd3+ Ka7 39. h4 Nh5 40. e6
Be7 41. Rg1 Nf4 42. Rg7 Bxh4 43. e7 Bxe7 44. Rxe7 Kb6 45. Re4 Nd5 46. f4 Kc5 47.
f5 Kd6 48. Re6+ Kd7 49. Rxh6 Ke7 50. Rh7+ Kf6 51. Rxb7 Nf4 52. Rb6 Nxd3 53. cxd3
Kxf5 54. Rxc6 Ke5 55. Rc8 Kd4 56. Rd8+ Ke5 57. Kg2 Kf4 58. Re8 1-0

[Event "Desaixmuiron"]
[Site "http://www.queenalice.com/game.php?id=1288693"]
[Date "2014.6.16"]
[Round "1"]
[White "thierry901"]
[Black "torab"]
[Result "1-0"]
[WhiteElo "1597"]
[BlackElo "1727"]

1. e4 e5 2. Nf3 d6 3. Nc3 a6 4. Bc4 h6 5. d4 exd4 6. Nxd4 Nf6 7. Qf3 c5 8. Nb3
b5 9. Bd5 Ra7 10. Be3 a5 11. Nxb5 Re7 12. O-O-O Bg4 13. Qxg4 Nxg4 14. Nxd6+ Kd7
15. Nxc5+ Kc7 16. Nb5+ Kc8 17. Bb7+ Rxb7 18. Rxd8+ Kxd8 19. Nxb7+ Kc8 20. Nxa5
Nxe3 21. fxe3 Na6 22. Rd1 Bc5 23. Nc4 Nb4 24. Ncd6+ Bxd6 25. Nxd6+ Kc7 26. Nxf7
Rf8 27. Ne5 Rf2 28. Rd7+ Kc8 29. Rxg7 Nxc2 30. Nd3 Re2 31. Kd1 Rxe3 32. Kxc2
Rxe4 33. Rg8+ Kc7 34. b4 Re2+ 35. Kc3 Rxa2 36. Kc4 Rc2+ 37. Kb5 Rc3 38. Ne5 Re3
39. Rg7+ Kd8 40. Nc6+ Ke8 41. Kb6 Re6 42. Kc7 h5 43. Re7+ Rxe7+ 44. Nxe7 Kxe7
45. b5 1-0